Statistics for Best Actor Oscar Nominees

Click here to take the quiz!

General Stats

  • This quiz has been taken 9,585 times
    (805 since last reset)
  • The average score is 114 of 235

Answer Stats

Year Actor % Correct
2004Leonardo DiCaprio
94%
2008Brad Pitt
93%
1976Robert De Niro
92%
1973Al Pacino
89%
1988Tom Hanks
89%
1997Matt Damon
87%
1951Marlon Brando
87%
1992Denzel Washington
87%
1967Dustin Hoffman
84%
1970Jack Nicholson
84%
1989Tom Cruise
83%
1989Daniel Day-Lewis
82%
2005Philip Seymour Hoffman
82%
2001Will Smith
81%
1989Morgan Freeman
81%
2005Joaquin Phoenix
81%
1991Anthony Hopkins
80%
2000Ed Harris
80%
2016Casey Affleck
80%
1963Richard Harris
79%
2012Bradley Cooper
79%
1936Gary Cooper
79%
1987Robin Williams
78%
2007George Clooney
78%
1999Kevin Spacey
77%
1973Robert Redford
77%
1949Kirk Douglas
77%
1985Harrison Ford
77%
1987Michael Douglas
77%
1992Clint Eastwood
76%
1999Russell Crowe
76%
2004Jamie Foxx
76%
1931Jackie Cooper
76%
1995Sean Penn
76%
2007Tommy Lee Jones
76%
1958Paul Newman
74%
1971Gene Hackman
74%
1970Melvyn Douglas
73%
2009Colin Firth
73%
1970James Earl Jones
72%
2013Christian Bale
71%
1941Cary Grant
71%
1940Henry Fonda
71%
1943Humphrey Bogart
70%
1997Peter Fonda
70%
1949John Wayne
70%
1958Sidney Poitier
70%
1934Clark Gable
70%
2011Gary Oldman
70%
1993Liam Neeson
69%
2003Johnny Depp
69%
2014Eddie Redmayne
68%
1990Kevin Costner
67%
1982Ben Kingsley
67%
1939James Stewart
67%
1966Michael Caine
67%
2014Michael Keaton
67%
1945Gregory Peck
66%
1959Jack Lemmon
66%
1962Peter O'Toole
66%
2005Heath Ledger
65%
1995Nicolas Cage
65%
1959Charlton Heston
65%
1980Robert Duvall
65%
2000Javier Bardem
65%
1939Laurence Olivier
64%
1936Spencer Tracy
64%
1963Rex Harrison
64%
1996Geoffrey Rush
64%
1992Robert Downey Jr.
63%
1984Jeff Bridges
63%
1985William Hurt
63%
1980John Hurt
63%
2013Matthew McConaughey
63%
1955James Dean
63%
2012Hugh Jackman
63%
2006Forest Whitaker
63%
1996Ralph Fiennes
62%
1977John Travolta
62%
1990Jeremy Irons
62%
1976Sylvester Stallone
61%
1984F. Murray Abraham
61%
2007Viggo Mortensen
61%
1998Edward Norton
60%
2011Jean Dujardin
60%
1998Ian McKellen
59%
1969Jon Voight
59%
1940Charlie Chaplin
58%
1953Burt Lancaster
58%
2003Bill Murray
58%
2006Ryan Gosling
58%
1970George C. Scott
57%
1952Alec Guinness
57%
1953Richard Burton
57%
1955Frank Sinatra
57%
2002Adrien Brody
56%
2018Rami Malek
56%
2003Jude Law
55%
1998Roberto Benigni
55%
2014Benedict Cumberbatch
52%
2015Michael Fassbender
52%
1977Woody Allen
52%
1938James Cagney
51%
1981Dudley Moore
50%
2009Jeremy Renner
49%
1941Orson Welles
48%
1964Peter Sellers
48%
1958David Niven
48%
1957Anthony Quinn
48%
2004Don Cheadle
48%
1977Richard Dreyfuss
48%
1966Steve McQueen
47%
1967Warren Beatty
47%
1950William Holden
47%
1956Rock Hudson
46%
2019Antonio Banderas
45%
1944Bing Crosby
45%
1991Nick Nolte
45%
1996Woody Harrelson
45%
1966Alan Arkin
45%
1961Maximilian Schell
44%
2017Timothée Chalamet
44%
2010James Franco
44%
2013Bruce Dern
44%
1945Gene Kelly
44%
2013Chiwetel Ejiofor
44%
2005Terrence Howard
43%
1956Yul Brynner
43%
1938Leslie Howard
43%
1965Rod Steiger
43%
2016Andrew Garfield
42%
1960Trevor Howard
42%
1963Albert Finney
42%
2014Steve Carell
42%
2015Bryan Cranston
42%
1931Lionel Barrymore
41%
2019Adam Driver
41%
1971Peter Finch
41%
1929Paul Muni
41%
1984Tom Hulce
41%
1958Tony Curtis
40%
1993Laurence Fishburne
40%
1971Walter Matthau
40%
2008Mickey Rourke
40%
1947John Garfield
40%
1986James Woods
40%
1955Ernest Borgnine
40%
1990Gerard Depardieu
40%
2010Jesse Eisenberg
40%
1966Paul Scofield
39%
1928Emil Jannings
39%
1968Cliff Robertson
39%
1965Lee Marvin
38%
1948Montgomery Clift
38%
2018Willem Dafoe
38%
2017Daniel Kaluuya
37%
1931Fredric March
37%
1974Art Carney
37%
1996Billy Bob Thornton
37%
1989Kenneth Branagh
36%
1933Charles Laughton
36%
1939Mickey Rooney
36%
1962Marcello Mastroianni
35%
1949Broderick Crawford
34%
1979Roy Scheider
34%
1970Ryan O'Neal
34%
2008Richard Jenkins
34%
2001Tom Wilkinson
33%
1930George Arliss
33%
2019Jonathan Pryce
33%
1988Max Von Sydow
33%
2008Frank Langella
32%
1936Walter Huston
32%
2011Demian Bichir
32%
1934Frank Morgan
31%
1950Jose Ferrer
31%
1951Arthur Kennedy
31%
1954James Mason
31%
1929Lewis Stone
30%
1992Stephen Rea
29%
1929Warner Baxter
29%
1999Richard Farnsworth
28%
2005David Strathairn
28%
1935Victor McLaglen
28%
1945Cornel Wilde
27%
1945Ray Milland
27%
1994Nigel Hawthorne
27%
1930Ronald Colman
27%
1968Alan Bates
26%
1986Bob Hoskins
26%
1944Barry Fitzgerald
26%
1983Tom Courtenay
25%
1930Wallace Beery
25%
1938Robert Donat
25%
1937Robert Montgomery
25%
1930Maurice Chevalier
25%
1943Paul Lukas
25%
1988Edward James Olmos
25%
1985James Garner
25%
1986Dexter Gordon
25%
1971Chaim Topol
25%
1948Clifton Webb
25%
1983Tom Conti
24%
1934William Powell
24%
1928Richard Barthelmess
23%
1961Stuart Whitman
23%
1995Massimo Troisi
23%
1937Charles Boyer
22%
1984Sam Waterston
22%
1947Michael Redgrave
22%
1972Paul Winfield
21%
1975James Whitmore
21%
1931Richard Dix
21%
1978Gary Busey
20%
1976Giancarlo Giannini
20%
1940Raymond Massey
20%
1942Monty Woolley
20%
1968Ron Moody
19%
1935Franchot Tone
19%
1957Anthony Franciosa
19%
1942Walter Pidgeon
19%
1944Alexander Knox
19%
1929Chester Morris
18%
1959Laurence Harvey
18%
1949Richard Todd
18%
1948Lew Ayres
18%
1929George Bancroft
17%
1965Oskar Werner
17%
1946Larry Parks
16%
1931Adolphe Menjou
16%
1954Dan O'Herlihy
16%
1932Alfred Lunt
15%
1948Dan Dailey
14%
1930Lawrence Tibbett
13%
1950Louis Calhern
13%

Score Distribution

Percentile by Number Answered

Percent of People with Each Score

Your Score History

You have not taken this quiz since the last reset